Séries commençant par la lettre H - Statistiques

Statistiques générales
  • Ce quiz a été pris 246 fois
  • Le résultat moyen est 5 sur 10
Statistiques - réponses
Par images Réponse % Correct
H
92%
How I met your mother
66%
Hercule Poirot
55%
Hannah Montana
54%
Hélène et les garçons
53%
House of Cards
41%
How to get away with murder
36%
Heroes
24%
Homeland
19%
Hawaii Five - 0
15%
Aucun quiz correspondant
Distribution des résultats
% des personnes avec chaque résultat
Percentile par nombre de réponses
Votre historique - résultats
Vous n’avez pas pris ce quiz